[Event "BRA-ch U16"]
[Site "Florianopolis"]
[Date "2021.07.01"]
[Round "1"]
[White "De Carvalho, Vitor Augusto Ponci"]
[Black "Scheer, Flavius Augusto"]
[Result "1-0"]
[WhiteElo "1627"]
[BlackElo "1754"]
[PlyCount "53"]
[EventDate "2021.07.01"]
[EventType "swiss"]
[EventRounds "6"]
[EventCountry "BRA"]
[SourceTitle "CBM 203 Extra"]
[Source "ChessBase"]
[SourceDate "2021.09.30"]
[SourceVersion "1"]
[SourceVersionDate "2021.09.30"]
[SourceQuality "1"]

1. e4 e5 2. d4 exd4 3. Bc4 Bb4+ 4. c3 dxc3 5. bxc3 Bd6 6. Nf3 Ne7 7. Ng5 0-0 8. Qh5 h6 9. Nxf7 Rxf7 10. Bxf7+ Kh7 11. 0-0 Qf8 12. Bb3 Bf4 13. Qf3 Ng6 14. Bxf4 Qxf4 15. Qxf4 Nxf4 16. Na3 Nc6 17. Nb5 Ne6 18. Bxe6 dxe6 19. Nxc7 Rb8 20. Rad1 e5 21. f3 b6 22. Rd6 Ne7 23. Nd5 Rb7 24. c4 Nxd5 25. cxd5 Bd7 26. Rc1 g6 27. Rcc6 1-0